书目信息 |
| 题名: |
西藏旅游探险手册
|
|
| 作者: | 贺中 , 庄严 编著 | |
| 分册: | ||
| 出版信息: | 拉萨 西藏人民出版社 2001.05 |
|
| 页数: | 47,395页, [36] 页图版 | |
| 开本: | 21cm | |
| 丛书名: | ||
| 单 册: | ||
| 中图分类: | K928.975 | |
| 科图分类: | ||
| 主题词: | 游记--西藏自治区 | |
| 电子资源: | ||
| ISBN: | 7-223-01134-3 | |
| 000 | 01035nam0 2200289 450 | |
| 001 | 0162937483 | |
| 005 | 20051018090925.34 | |
| 010 | @a7-223-01134-3@dCNY36.00 | |
| 100 | @a20050522d2001 km y0chiy0120 ea | |
| 101 | 0 | @achi |
| 102 | @aCN@b540000 | |
| 105 | @aafb a 001yy | |
| 200 | 1 | @a西藏旅游探险手册@Axi zang lu you tan xian shou ce@f[贺中, 庄严编著]@F[he zhong,zhuang yan bian zhu] |
| 205 | @a第2版 | |
| 210 | @a拉萨@c西藏人民出版社@d2001.05 | |
| 215 | @a47,395页, [36] 页图版@c图 (部分彩图), 地图@d21cm | |
| 312 | @a英文并列题名取自封面。 | |
| 314 | @a编著者取自版权页 | |
| 320 | @a有书目 (第380-383页)和索引。 | |
| 330 | @a本书侧重从文化理解与沟通、旅行必备常识介绍两个方面入手,以简约的文字全面深入地反映了西藏各地区的自然、宗教、文化及民俗风貌。 | |
| 510 | 1 | @aTibet tour, exploration and pilgrimage handbook@zeng |
| 606 | 0 | @a游记@x西藏自治区 |
| 690 | @aK928.975@v4 | |
| 701 | 0 | @a贺中@Ahe zhong@4编著 |
| 701 | 0 | @a庄严@Azhuang yan@4编著 |
| 801 | 0 | @aCN@bQSSK@c20051018 |
| 905 | @a10447@dK928.975@eH324 | |
| 西藏旅游探险手册/[贺中, 庄严编著].-第2版.-拉萨:西藏人民出版社,2001.05 |
| 47,395页, [36] 页图版:图 (部分彩图), 地图;21cm |
| ISBN 7-223-01134-3:CNY36.00 |
| 本书侧重从文化理解与沟通、旅行必备常识介绍两个方面入手,以简约的文字全面深入地反映了西藏各地区的自然、宗教、文化及民俗风貌。 |
| ● |
| 相关链接 |
|
|
|
正题名:西藏旅游探险手册
索取号:K928.975/H324
 
预约/预借
| 序号 | 登录号 | 条形码 | 馆藏地/架位号 | 状态 | 备注 |
| 1 | 569771 | 205697717 | 社科库309/309社科库 24排4列5层/ [索取号:K928.975/H324] | 在馆 | |
| 2 | 569772 | 205697726 | 社科库309/309社科库 24排4列5层/ [索取号:K928.975/H324] | 在馆 |